000 01045nam a22002057a 4500
008 110519s2010 su|||||r|||| 000 0 ara d
020 _a9786000209179
082 _222
_a158.1
_bت ش ا
100 _923931
_aتشاندلر، ستيف
245 _aمائة طريقة لتحفيز نفسك :
_bكيف تكون الشخص الذي تريد: غير حياتك إلى الأبد /
_cترجمة مكتبة جرير؛ ستيفن تشاندلر
250 _aط 6، منقحة
260 _aالرياض :
_bمكتبة جرير، 2010
_c2010
300 _a274 ص ؛
_c22 سم
500 _aترجمة لكتاب: 100 ways to motivate yourself : change your life forever/ Steve Chandler
650 _923916
_aالنجاح الشخصي
653 _bGeneral
_cMay2011
710 _923926
_aمكتبة جرير
942 _2ddc
_cBB
999 _c15326
_d15326